| 000 | 01081nam a2200325 i 4500 | ||
|---|---|---|---|
| 001 | 27615 | ||
| 003 | KOSZ 005 | ||
| 005 | 20201015091535.0 | ||
| 008 | 011029s1977 pl a f |001 0 pol | ||
| 015 | _aPB 1977/4748 | ||
| 035 | _a(OCoLC)233457704 | ||
| 040 |
_aWA N _cWA N _dKOSZ 005/HR |
||
| 041 | 0 | _apol | |
| 046 | _k1977 | ||
| 080 | _a621.762 | ||
| 100 | 1 |
_aRutkowski, Władysław _d(1920-2001). _eAutor |
|
| 245 | 1 | 0 |
_aProjektowanie właściwości wyrobów spiekanych z proszków i włókien / _cWładysław Rutkowski. |
| 260 |
_aWarszawa : _bPaństwowe Wydawnictwo Naukowe, _c1977. |
||
| 300 |
_a385, [2] s. : _bil., tab., wykr. ; _c24 cm. |
||
| 336 |
_2rdacontent _aTekst _btxt |
||
| 337 |
_2rdamedia _aBez urządzenia pośredniczącego _bn |
||
| 338 |
_2rdacarrier _aWolumin _bnc |
||
| 380 | _aKsiążki. | ||
| 388 | _a1901-2000 | ||
| 388 | _a1945-1989 | ||
| 504 | _aBibliogr. Indeks. | ||
| 650 | 4 | _aMetalurgia proszków | |
| 856 |
_uhttp://koha.tu.koszalin.pl/cgi-bin/koha/opac-detail.pl?biblionumber=27615 _yKatalog online BPK |
||
| 942 |
_2UKD _cKS |
||
| 999 |
_c27615 _d27615 |
||